ՀՀ Գիտությունների ազգային ակադեմիայի հիմնարար գիտական գրադարան  =   Fundamental Scientific Library of NAS RA

Минералы : (Record no. 68645)

MARC details
000 -LEADER
fixed length control field 01265nam a2200217 u 4500
001 - CONTROL NUMBER
control field 000198550
003 - CONTROL NUMBER IDENTIFIER
control field AM-YeHGA
005 - DATE AND TIME OF LATEST TRANSACTION
control field 20250617123920.0
008 - FIXED-LENGTH DATA ELEMENTS--GENERAL INFORMATION
fixed length control field 990205s1974 ru |||||||||||||||0|rus|d
040 ## - CATALOGING SOURCE
Original cataloging agency AM-YeHGA
041 0# - LANGUAGE CODE
Language code of text/sound track or separate title rus
090 ## - LOCALLY ASSIGNED LC-TYPE CALL NUMBER (OCLC); LOCAL CALL NUMBER (RLIN)
-- 69814
245 00 - TITLE STATEMENT
Title Минералы :
Remainder of title Диаграммы фазовых равновесий : Справочник /
Statement of responsibility, etc. АН СССР. Ин-т геологии рудных месторождений, петрографии, минералогии и геохимии ; Отв. ред. Ф.В. Чухров.
260 ## - PUBLICATION, DISTRIBUTION, ETC.
Place of publication, distribution, etc. Москва :
Name of publisher, distributor, etc. Наука,
Date of publication, distribution, etc. 1974.
300 ## - PHYSICAL DESCRIPTION
Extent выпуск
505 00 - FORMATTED CONTENTS NOTE
Miscellaneous information Вып. 1 (1974; 512 с.) :
Title Фазовые равновесия, важные для природного минералообразования ;
Miscellaneous information Вып. 2 (1974; 490 с.) :
Title Фазовые равновесия, важные для технического минералообразования
650 14 - SUBJECT ADDED ENTRY--TOPICAL TERM
Topical term or geographic name entry element Минералы
General subdivision Диаграммы состояния
700 1# - ADDED ENTRY--PERSONAL NAME
Personal name Чухров, Ф.В.
Relator term ред.
Relationship edt
710 2# - ADDED ENTRY--CORPORATE NAME
Corporate name or jurisdiction name as entry element Институт геологии рудных месторождений, петрографии, минералогии и геохимии АН СССР
942 ## - ADDED ENTRY ELEMENTS (KOHA)
Source of classification or shelving scheme Universal Decimal Classification
Koha item type Գրքեր / Books
Holdings
Withdrawn status Lost status Damaged status Not for loan Collection Home library Current library Date acquired Serial enumeration / chronology Total checkouts Full call number Barcode Date last seen Price effective from Koha item type Public note
        General Fundamental Scientific Library Fundamental Scientific Library 22/12/2016 Вып. 2   PIII/38013 FL0377273 22/12/2016 22/12/2016 Գրքեր / Books 30 Days Loan
        General Fundamental Scientific Library Fundamental Scientific Library 22/12/2016 Вып. 1   PIII/38014 FL0377274 22/12/2016 22/12/2016 Գրքեր / Books 30 Days Loan


ՀՀ ԳԱԱ հիմնարար գիտական գրադարան
ՀՀ,Երևան 0019
Մարշալ Բաղրամյան 24/6
հեռախոս:(374-10) 52-47-50
Հետադարձ կապ

All site content, except where otherwise noted, is licensed under a
Creative Commons License